000 00237nam a2200097Ia 4500
008 200302s9999 xx 000 0 und d
100 _aWm F Powell
245 _aUnderstanding Color
260 _bWalter T. Foster Publication
300 _a 36 P.,
999 _c566
_d566